| 000 | 00644nam a2200241 a 4500 | ||
|---|---|---|---|
| 001 | 0001-0953 | ||
| 003 | ELIB.Books | ||
| 008 | 140910 2010 eng | ||
| 020 | _a0870291939 | ||
| 035 | _a(ELIB.Books)0001-1107 | ||
| 092 |
_a248.899 _bCha |
||
| 100 | _aChartier, Jan | ||
| 245 |
_aTrusting Together in God _bLiving Your Faith, My Faith and Our Faith |
||
| 260 |
_aIndiana _bAbbey Press _c1984 |
||
| 300 |
_a171 _c20.3 Cm |
||
| 500 | _aDr. Yahalaylayla | ||
| 650 | _aMarried Couples | ||
| 856 |
_nKBTS; Library _uKBTS; Elib. |
||
| 942 |
_2ddc _cBK |
||
| 990 | _a1 | ||
| 998 |
_cbat _e2014-09-10 |
||
| 999 |
_c10953 _d10953 |
||